| 000 | 00482nam a2200181Ia 4500 | ||
|---|---|---|---|
| 001 | 16878 | ||
| 005 | 20260306170343.0 | ||
| 008 | 260306t1996||||xx |||||||||||||| ||und|| | ||
| 041 | _aESP | ||
| 082 |
_aS 657.3 _bB45 |
||
| 100 |
_aBernsterin, Leopold A. _eAUT |
||
| 245 | 0 |
_aAnálisis de estados financieros: _bteoría, aplicación e interpretación |
|
| 260 | _c1996 | ||
| 300 |
_axxxiv, 213 páginas : _c24 cm. |
||
| 650 | _aGEN | ||
| 654 | _aCCO | ||
| 942 |
_cLIB _dJUS _fJUS _2ddc _n |
||
| 999 |
_c16878 _d16878 |
||